Mendel`s Principles of Heridity (Record no. 2758)

MARC details
000 -LEADER
fixed length control field 00395nam a2200145Ia 4500
008 - FIXED-LENGTH DATA ELEMENTS--GENERAL INFORMATION
fixed length control field 211109s9999||||xx |||||||||||||| ||und||
082 ## - DEWEY DECIMAL CLASSIFICATION NUMBER
Classification number 576.5
Item number BAT-M
100 ## - MAIN ENTRY--PERSONAL NAME
Personal name Bateson, W
245 #0 - TITLE STATEMENT
Title Mendel`s Principles of Heridity
260 ## - PUBLICATION, DISTRIBUTION, ETC.
Name of publisher, distributor, etc. Cambridge University Press
Place of publication, distribution, etc. London
Date of publication, distribution, etc. 1909
300 ## - PHYSICAL DESCRIPTION
Extent 396p.
630 ## - SUBJECT ADDED ENTRY--UNIFORM TITLE
General subdivision General Stack
650 ## - SUBJECT ADDED ENTRY--TOPICAL TERM
Topical term or geographic name entry element Science
942 ## - ADDED ENTRY ELEMENTS (KOHA)
Koha item type BOOK
650 ## - SUBJECT ADDED ENTRY--TOPICAL TERM
Form subdivision Genetics & evolution
General subdivision Biology
Holdings
Withdrawn status Lost status Damaged status Not for loan Home library Current library Date acquired Cost, normal purchase price Total Checkouts Full call number Barcode Shelving location Date last seen Price effective from Koha item type
        SB LIBRARY SB LIBRARY 09/11/2021 100.00   576.5 BAT-M 00002989 GENERAL STACK 09/11/2021 09/11/2021 BOOK

Powered by Koha